| 000 | 00388nam a2200169Ia 4500 | ||
|---|---|---|---|
| 001 | 10242 | ||
| 003 | IN-NITTTR | ||
| 005 | 20251114233055.0 | ||
| 008 | 251113s9999||||xx |||||||||||||| ||eng|| | ||
| 040 | _beng | ||
| 040 | _cIN-NITTTR | ||
| 041 | _aeng | ||
| 082 | _a621.384 T131U | ||
| 100 | _aTejwani, S. A. | ||
| 245 | 0 |
_aRadio servicing handbook / _cTejwani, S. A. |
|
| 942 |
_2ddc _cBK |
||
| 999 |
_c12879 _d12879 |
||